| 000 | 00739nam a2200217 i 4500 | ||
|---|---|---|---|
| 001 | 000018232 | ||
| 005 | 20200929165419.0 | ||
| 008 | 760910s1975 oncc b 000 0 eng | ||
| 020 | _a0771010966 : | ||
| 040 |
_aDO-SdBNP _cDLC _dDLC _dBNPHU |
||
| 082 |
_a301.4120922 _bB319p |
||
| 100 | 1 |
_aBassett, Isabel. _939478 |
|
| 245 | 1 | 4 |
_aThe Parlour Rebellion : _bprofiles in the struggle for women's rights / _cIsabel Bassett. |
| 260 |
_aToronto : _bMcClelland and Stewart, _c1975. |
||
| 300 |
_a223 p. : _bretrs. ; _c23 cm. |
||
| 504 | _aIncluye bibliografía p. 219-223. | ||
| 650 | 0 |
_aFeminismo _zCanada _xHistoria _939479 |
|
| 650 | 0 |
_aDerechos de la mujer _zCanada _xHistoria _939480 |
|
| 910 | _aCatalogación por copia / LC | ||
| 049 | _aBNGR | ||
| 999 |
_c17753 _d17753 |
||